00610nam a22001817a 4500003000500000005001700005008004100022010001000063011001000073035001000083040000900093082001600102111010400118245001200222260014500234300002000379650002900399CHAP20220329140124.0971013s1986 r 10010 d a47299 a48271 a52416 cCHAP a634.063bR400aReunión Técnica sobre Fruticultura en el Noroeste de México (n1d: 1983c: Hermosillo, Son.) aMemoria aHermosillo, Son. :bInstituto Nacional de Investigaciones Agrícolas del Noroeste. Campo Agrícola Experimental Costa de Hermosillo,c1986 a206 p.b: ilus.14aFruticulturaxCongresos.